MDQL
is popping MORE tags! Check the
thread
!
Quizzes
Events
Quiz Creation
Community
Videos
Private Events
Remove Ads
Sign In
Join for FREE
Feedback
Dark Mode
Quiz Categories
Sports
Geography
Music
Movies
Television
Just For Fun
Miscellaneous
History
Literature
Language
Science
Gaming
Entertainment
Religion
Holiday
For Kids
Quiz Lab
Recent
Popular Today
Quiz Kudos Today
Editor Picks
Curator Picks
Quizzes by...
Day
Popularity
Type
Ratings
Length
Year
Community
Subscriptions
Recent Discussions
Orange Saloon
Badges
Playlists
Quests
Create
Leaderboards
Showdown
Live 5
Trivia Bingo
Activity
Puzzle Library
Sporcle Events
Private Events
Virtual Trivia
Globe League
Become a Host
Pub Owners
SporcleCon
Opinionation
Our Games
Videos
Blog
Mobile Apps
Partnerships
Remove Ads and Go Orange
Feedback
Music
Pop Music
The Beatles
Song
Album
Lyrics
Bands
Singers
Artist
Clip
Rock
Rap
Classical
Billboard
Country Music
Kpop
Taylor Swift
Music
Pop Music
The Beatles
Song
Album
Lyrics
Bands
Singers
Artist
Clip
Rock
Rap
Classical
Billboard
Country Music
Kpop
Taylor Swift
Random Quiz
Search Sporcle
×
Quiz Lab
Quiz Lab
Music
Glee
Type in answers that appear in a list
Type in answers that appear in a list
Classic
Best Score? Go Orange.
Guess the Glee Lyrics 3 Stats
Can you name the lyrics to this rock song as covered on Glee?
By
StarTeen15
10m
144 Questions
324 Plays
324 Plays
324 Plays
Comments
Comments
Give Quiz Kudos
Give Quiz Kudos
-
- Ratings
hide this ad
Replay
Link that replays current quiz
Next Quiz
Link to next quiz in quiz playlist
You Got
0%
They Got
Avg Score
48%
Avg Friend Score
Upgrade to see
Score Distribution
Jump to the score distribution portion of the page
Score
0/144
Timer
10:00
0
Plays Today
% Correct
I
97.5%
I
97.5%
I
97.5%
I
97.5%
I
97.5%
I
97.5%
the
95.1%
the
95.1%
the
95.1%
the
95.1%
a
95.1%
the
95.1%
and
95.1%
a
95.1%
you
88.9%
you
88.9%
you
88.9%
you
88.9%
you
88.9%
you
88.9%
you
88.9%
you
88.9%
you
88.9%
you
88.9%
you
88.9%
me
75.6%
me
75.6%
me
75.6%
me
75.6%
love
72.8%
love
72.8%
love
72.8%
love
72.8%
your
70.7%
your
70.7%
your
70.7%
your
70.7%
to
68.2%
to
68.2%
to
68.2%
to
68.2%
in
66.4%
in
66.4%
in
66.4%
Do
65.4%
Do
65.4%
Do
65.4%
be
63.9%
% Correct
my
62.3%
my
62.3%
so
60.8%
When
53.7%
of
52.8%
for
52.8%
want
52.2%
that
46.9%
like
45.1%
like
45.1%
need
44.1%
are
43.5%
are
43.5%
this
43.5%
this
43.5%
she
42.3%
She
42.3%
she
42.3%
see
41.7%
baby
40.7%
Won't
40.4%
Won't
40.4%
tell
39.5%
tell
39.5%
her
39.2%
Her
39.2%
her
39.2%
her
39.2%
her
39.2%
you'll
38.6%
think
37.7%
at
37.7%
Let
36.1%
Let
36.1%
name
35.2%
name
35.2%
down
34.6%
make
32.7%
make
32.7%
Hello
32.1%
Hello
32.1%
Hello
32.1%
Hello
32.1%
every
32.1%
(Chorus)
32.1%
Hello
32.1%
Hello
32.1%
Hello
32.1%
% Correct
Hello
32.1%
Hello
32.1%
Hello
32.1%
Hello
32.1%
Hello
32.1%
Hello
32.1%
Hello
32.1%
eye
31.2%
She's
29.9%
game
29.3%
game
29.3%
out
27.5%
jump
25.9%
jump
25.9%
guy
25.9%
walking
25.6%
street
25.6%
meets
22.8%
something
22.2%
queen
21.9%
angels
21%
head
20.1%
arms
20.1%
sigh
19.8%
high
18.2%
sky
18.2%
Blind
17.9%
long
17.6%
hope
17.6%
hope
17.6%
song
17%
legs
16.7%
sweet
16.7%
holds
16.4%
feet
15.7%
statue
15.4%
dog
15.4%
fool
15.1%
wicked
14.5%
begs
14.5%
moves
14.2%
Sidewalk
14.2%
jewel
14.2%
brain
13.9%
screams
13.9%
crouches
12.3%
dusky
12%
pluck
11.7%
Quiz Playlist
Details
Report
Send in Message
Add To Playlist
Classic:
Type in answers that appear in a list
Last Updated: Feb 16, 2017
Quiz Scoreboard
CHALLENGE
Sign Up to Join the Scoreboard
Show All
Scores
Hide
Comments
May contain spoilers
Recently Published
Find the 'City' Movie
by crazypaving
Movies
60s
5x2 Blitz: Bands
by SL_Kpop136
Music
30s
Colored Red Africa Blitz
by spor1
Geography
30s
More to Explore
Quiz From the Vault
Featured Blog Post
14 Easter Pick-up Lines to Find Eggs With
hide this ad
You Might Also Like...
Tags
Glee
Today's Top Quizzes in Music
Browse Music
hide this ad
Today's Top Quizzes in Glee
Browse Glee
Top Contributed Quizzes in Music
1
5X2 Blitz: Bands II
2
Taylor Swift All Songs (2024)
3
5X2 Blitz: The Beatles
4
5X2 Blitz: Billboard
5
Taylor Swift Logic Puzzle
6
Taylor Swift Logic Puzzle II
7
5X2 Blitz: Album
8
5X2 Blitz: Billboard II
9
Music Artist by Three 2010s hits
10
5X2 Blitz: Rock
Explore More
Trending Topics
Crossword
Anime
Harry Potter
Marvel
NBA
Disney
Kpop
Song
Country
NFL
Soccer
Puzzle
Pokémon
WWE
The Office
hide this ad
More By:
StarTeen15
Quiz
Plays
Rating
Category
Featured
Created
Guess the Glee Lyrics 5
387
3.00
Music
Feb 23, 2013
Guess the Glee Lyrics
376
2.67
Music
Jan 13, 2013
Guess the Glee Lyrics 3
324
3.00
Music
Feb 16, 2013
Guess the Glee Lyrics 4
320
Music
Feb 20, 2013
Guess the Glee Lyrics 2
288
Music
Jan 19, 2013
Go to Creator's Profile
Score Distribution
Quiz Creator Spotlight
StarTeen15
Follow
Send a Message
Quizzes Created
-
Created Quiz Play Count
-
More By This Creator
Popular Quizzes Today
1
5x2 Blitz: Bands
2
Find the 'City' Movie
3
Colored Red Africa Blitz
4
Find the US States - No Outlines Minefield
5
The Countries of the World
6
Find the US States
7
9x9 Crossword: Cartoon Network
8
US States
More Music Quizzes
Singers Born in the 1960s
Published
Trending Quizzes
Colored Red Africa Blitz II
Colored Red Europe Blitz I
Christmas Pick: Judaism
Colored Red Africa Blitz III
Colored Red Europe Blitz II
Recently Updated
Champions League XIs: Real Madrid
pecheneg
Largest US Cities 1790-2010
pecheneg
Rides in Walt Disney World
pecheneg
Most Oscar Losses (Acting)
pecheneg
Beyoncé Albums
pecheneg
Leaping Animals
pecheneg
Reality TV Shows (A-Z)
bhenderson79
Rickey Henderson's Hall of Fame Teammates
pecheneg
Champions League XIs: Arsenal
pecheneg
Quick Pick: Celebrities in WWE's Hall of Fame
aduchscher
Trending Topics
Anime
Disney
Harry Potter
Crossword
Kpop
Marvel
NBA
The Office
Song
WWE
NFL
Soccer
Pokémon
Country
Puzzle
Your Account Isn't Verified!
In order to create a playlist on Sporcle, you need to verify the email address you used during registration. Go to your
Sporcle Settings
to finish the process.
Report this User
Report this user for behavior that violates our
Community Guidelines
.
Details:
Send Report
Go to the Sporcle.com Mobile Site →
Comments